| 000 | 00618nam a2200253Ia 4500 | ||
|---|---|---|---|
| 003 | OSt | ||
| 005 | 20221006144817.0 | ||
| 006 | a|||||r|||| 00| 0 | ||
| 007 | ta | ||
| 008 | 221006b |||||||| |||| 00| 0 eng d | ||
| 020 |
_c _9.00 |
||
| 024 | _a12,798 | ||
| 037 | _cTextual | ||
| 040 |
_aEASL _cEASL _beng |
||
| 041 |
_2eng _aeng |
||
| 082 | _aV41,21y7M98, L0 | ||
| 100 |
_aTIEN-MIN Li _9652939 |
||
| 245 | 0 | _aChou En-lai | |
| 260 |
_aTaipei _bIIR _c1970 |
||
| 300 |
_a426p. _ccm. |
||
| 490 | _v CEL | ||
| 942 |
_hV41,21y7M98, L0 _cTEXL _2CC |
||
| 999 |
_c1080884 _d1080884 |
||